[Event "DVM U12 2024"]
[Site "Heidelberg GER"]
[Date "2024.12.27"]
[Round "1"]
[White "Birkoben, Georgi"]
[Black "Huang, Felix Haoming"]
[Result "1-0"]
[Termination "normal"]
[Board "8.4"]
[WhiteElo "1062"]
[BlackElo "1215"]
[WhiteClock "00:22:47"]
[BlackClock "00:27:16"]
[WhiteTeam "SC Turm Erfurt"]
[BlackTeam "Hamburger SK 1830"]
[PlyCount "143"]
[EventCountry "GER"]
[EventRounds "7"]
[EventType "team-swiss"]
[EventDate "2024.12.26"]

1. e4 {[%clk 01:30:58]} {[%emt 00:00:01]} e5 {[%clk 01:30:55]} {[%emt
00:00:05]} 2. Nf3 {[%clk 01:31:21]} {[%emt 00:00:07]} Nc6 {[%clk 01:31:17]}
{[%emt 00:00:08]} 3. d4 {[%clk 01:31:30]} {[%emt 00:00:21]} exd4 {[%clk
01:31:41]} {[%emt 00:00:06]} 4. Bc4 {[%clk 01:31:26]} {[%emt 00:00:35]} Be7
{[%clk 01:31:21]} {[%emt 00:00:51]} 5. c3 {[%clk 01:31:07]} {[%emt 00:00:49]}
d6 {[%clk 01:30:40]} {[%emt 00:01:11]} 6. cxd4 {[%clk 01:30:03]} {[%emt
00:01:34]} Nf6 {[%clk 01:30:25]} {[%emt 00:00:44]} 7. Nc3 {[%clk 01:28:18]}
{[%emt 00:02:15]} h6 {[%clk 01:30:14]} {[%emt 00:00:41]} 8. O-O {[%clk
01:27:48]} {[%emt 00:00:59]} O-O {[%clk 01:29:53]} {[%emt 00:00:51]} 9. e5
{[%clk 01:26:55]} {[%emt 00:01:25]} dxe5 {[%clk 01:28:23]} {[%emt 00:02:00]}
10. dxe5 {[%clk 01:27:13]} {[%emt 00:00:11]} Nh7 {[%clk 01:14:42]} {[%emt
00:14:12]} 11. Bf4 {[%clk 01:22:07]} {[%emt 00:05:35]} Be6 {[%clk 01:13:54]}
{[%emt 00:01:18]} 12. Qe2 {[%clk 01:17:23]} {[%emt 00:05:14]} Na5 {[%clk
01:09:59]} {[%emt 00:04:25]} 13. Bd3 {[%clk 01:15:38]} {[%emt 00:02:15]} a6
{[%clk 01:09:22]} {[%emt 00:01:07]} 14. Rad1 {[%clk 01:13:20]} {[%emt
00:02:48]} Qc8 {[%clk 01:08:25]} {[%emt 00:01:28]} 15. Qe4 {[%clk 01:11:37]}
{[%emt 00:02:13]} f5 {[%clk 01:08:07]} {[%emt 00:00:48]} 16. exf6 {[%clk
01:10:34]} {[%emt 00:01:33]} Nxf6 {[%clk 01:08:14]} {[%emt 00:00:21]} 17. Qg6
{[%clk 01:09:28]} {[%emt 00:01:36]} Bf7 {[%clk 01:07:22]} {[%emt 00:01:23]} 18.
Qg3 {[%clk 01:08:17]} {[%emt 00:01:42]} Nh5 {[%clk 01:03:35]} {[%emt 00:04:16]}
19. Nd5 {[%clk 01:01:56]} {[%emt 00:06:50]} Nc6 {[%clk 00:57:21]} {[%emt
00:06:45]} 20. Nxe7+ {[%clk 00:54:45]} {[%emt 00:07:41]} Nxe7 {[%clk 00:57:18]}
{[%emt 00:00:32]} 21. Qh4 {[%clk 00:54:01]} {[%emt 00:01:15]} Nf5 {[%clk
00:53:11]} {[%emt 00:04:37]} 22. Bxf5 {[%clk 00:48:37]} {[%emt 00:05:53]} Qxf5
{[%clk 00:53:20]} 23. Bxc7 {[%clk 00:47:47]} {[%emt 00:01:42]} g5 {[%clk
00:51:11]} {[%emt 00:02:38]} 24. Qb4 {[%clk 00:42:50]} {[%emt 00:05:25]} Qb5
{[%clk 00:49:35]} {[%emt 00:02:07]} 25. Qxb5 {[%clk 00:39:35]} {[%emt
00:03:46]} axb5 {[%clk 00:49:54]} {[%emt 00:00:11]} 26. a3 {[%clk 00:38:48]}
{[%emt 00:01:18]} Rac8 {[%clk 00:50:03]} {[%emt 00:00:21]} 27. Be5 {[%clk
00:34:32]} {[%emt 00:04:44]} Bb3 {[%clk 00:49:17]} {[%emt 00:01:17]} 28. Rd6
{[%clk 00:33:58]} {[%emt 00:01:03]} Rc6 {[%clk 00:49:10]} {[%emt 00:00:38]} 29.
Rxc6 {[%clk 00:31:43]} {[%emt 00:02:46]} bxc6 {[%clk 00:44:15]} {[%emt
00:05:24]} 30. h3 {[%clk 00:30:18]} {[%emt 00:01:55]} Bd5 {[%clk 00:43:58]}
{[%emt 00:00:45]} 31. Re1 {[%clk 00:29:36]} {[%emt 00:01:14]} Nf4 {[%emt
00:01:43]} 32. Bxf4 {[%clk 00:28:05]} {[%emt 00:01:32]} Rxf4 {[%clk 00:43:27]}
{[%emt 00:00:17]} 33. Ne5 {[%clk 00:26:49]} {[%emt 00:01:46]} Kg7 {[%clk
00:42:01]} {[%emt 00:01:56]} 34. Nd3 {[%clk 00:24:21]} {[%emt 00:02:56]} Re4
{[%clk 00:40:19]} {[%emt 00:02:14]} 35. Rxe4 {[%clk 00:24:01]} {[%emt
00:00:51]} Bxe4 {[%clk 00:40:33]} {[%emt 00:00:16]} 36. Nc5 {[%clk 00:23:36]}
{[%emt 00:00:54]} Bd5 {[%clk 00:40:47]} {[%emt 00:00:17]} 37. Kh2 {[%clk
00:23:12]} {[%emt 00:00:53]} Kf6 {[%clk 00:40:52]} {[%emt 00:00:24]} 38. Kg3
{[%clk 00:23:34]} {[%emt 00:00:09]} Kf5 {[%clk 00:40:59]} {[%emt 00:00:24]} 39.
f3 {[%clk 00:22:31]} {[%emt 00:01:33]} h5 {[%clk 00:39:58]} {[%emt 00:01:31]}
40. h4 {[%clk 00:21:16]} {[%emt 00:01:45]} g4 {[%clk 00:39:53]} {[%emt
00:00:34]} 41. fxg4+ {[%clk 00:20:32]} {[%emt 00:01:15]} hxg4 {[%clk 00:40:10]}
{[%emt 00:00:13]} 42. Kf2 {[%clk 00:20:07]} {[%emt 00:00:56]} Kg6 {[%clk
00:39:50]} {[%emt 00:00:50]} 43. g3 {[%clk 00:20:29]} {[%emt 00:00:07]} Kf5
{[%clk 00:38:03]} {[%emt 00:02:17]} 44. Ke3 {[%clk 00:20:26]} {[%emt 00:00:33]}
Ke5 {[%clk 00:37:39]} {[%emt 00:00:54]} 45. Nd7+ {[%clk 00:19:13]} {[%emt
00:01:43]} Kd6 {[%clk 00:37:48]} {[%emt 00:00:21]} 46. Nf6 {[%clk 00:19:29]}
{[%emt 00:00:14]} Be6 {[%clk 00:30:03]} {[%emt 00:08:16]} 47. Kf4 {[%clk
00:19:35]} {[%emt 00:00:23]} Ke7 {[%clk 00:29:44]} {[%emt 00:00:49]} 48. Nxg4
{[%clk 00:19:53]} {[%emt 00:00:12]} Kf7 {[%clk 00:28:30]} {[%emt 00:01:45]} 49.
Kg5 {[%clk 00:20:09]} {[%emt 00:00:15]} Kg7 {[%clk 00:28:38]} {[%emt 00:00:22]}
50. h5 {[%clk 00:20:14]} {[%emt 00:00:24]} c5 {[%clk 00:28:20]} {[%emt
00:00:48]} 51. h6+ {[%clk 00:20:28]} {[%emt 00:00:16]} Kh7 {[%clk 00:28:42]}
{[%emt 00:00:08]} 52. Nf6+ {[%clk 00:20:49]} {[%emt 00:00:09]} Kh8 {[%clk
00:28:50]} {[%emt 00:00:21]} 53. g4 {[%clk 00:20:35]} {[%emt 00:00:45]} b4
{[%clk 00:28:59]} {[%emt 00:00:21]} 54. axb4 {[%clk 00:20:42]} {[%emt
00:00:22]} cxb4 {[%clk 00:29:23]} {[%emt 00:00:07]} 55. Kh5 {[%clk 00:20:54]}
{[%emt 00:00:18]} b3 {[%clk 00:29:16]} {[%emt 00:00:37]} 56. g5 {[%clk
00:21:09]} {[%emt 00:00:15]} Bf7+ {[%clk 00:29:19]} {[%emt 00:00:26]} 57. Kg4
{[%clk 00:21:15]} {[%emt 00:00:22]} Be6+ {[%clk 00:29:12]} {[%emt 00:00:39]}
58. Kf4 {[%clk 00:21:34]} {[%emt 00:00:11]} Bf5 {[%clk 00:29:02]} {[%emt
00:00:40]} 59. Ne4 {[%clk 00:21:11]} {[%emt 00:00:53]} Bg6 {[%clk 00:29:10]}
{[%emt 00:00:22]} 60. Ke5 {[%clk 00:21:26]} {[%emt 00:00:15]} Bh7 {[%clk
00:29:00]} {[%emt 00:00:40]} 61. Nc5 {[%clk 00:21:19]} {[%emt 00:00:36]} Bg6
{[%clk 00:27:56]} {[%emt 00:01:35]} 62. Nxb3 {[%clk 00:21:41]} {[%emt
00:00:08]} Bf7 {[%clk 00:28:11]} {[%emt 00:00:15]} 63. Nc5 {[%clk 00:21:38]}
{[%emt 00:00:33]} Bg8 {[%clk 00:28:14]} {[%emt 00:00:27]} 64. b3 {[%clk
00:21:46]} {[%emt 00:00:23]} Kh7 {[%clk 00:28:08]} {[%emt 00:00:36]} 65. Kf6
{[%clk 00:21:58]} {[%emt 00:00:17]} Kh8 {[%clk 00:28:02]} {[%emt 00:00:36]} 66.
b4 {[%clk 00:22:22]} {[%emt 00:00:07]} Kh7 {[%clk 00:27:36]} {[%emt 00:00:55]}
67. b5 {[%clk 00:22:35]} {[%emt 00:00:17]} Bd5 {[%clk 00:27:39]} {[%emt
00:00:27]} 68. b6 {[%clk 00:22:44]} {[%emt 00:00:21]} Bg8 {[%clk 00:27:15]}
{[%emt 00:00:52]} 69. b7 {[%clk 00:23:04]} {[%emt 00:00:12]} Kh8 {[%clk
00:27:21]} {[%emt 00:00:23]} 70. b8=Q {[%emt 00:00:13]} Kh7 {[%emt 00:00:29]}
71. Qb7+ {[%clk 00:22:47]} {[%emt 00:00:05]} Kh8 {[%clk 00:27:16]} {[%emt
00:00:35]} 72. Qg7# {[%emt 00:00:48]} 1-0

[Event "DVM U12 2024"]
[Site "Heidelberg GER"]
[Date "2024.12.27"]
[Round "1"]
[White "Rudolph, Simon"]
[Black "Vartanian, Roman"]
[Result "0-1"]
[Termination "normal"]
[Board "9.1"]
[WhiteElo "1614"]
[BlackElo "1853"]
[WhiteClock "00:41:11"]
[BlackClock "00:01:34"]
[WhiteTeam "SC Leipzig-Lindenau"]
[BlackTeam "Düsseldorfer SK 14/25"]
[PlyCount "120"]
[WhiteFideId "34617078"]
[BlackFideId "34140107"]
[EventCountry "GER"]
[EventRounds "7"]
[EventType "team-swiss"]
[EventDate "2024.12.26"]

1. d4 {[%clk 01:30:58]} {[%emt 00:00:01]} Nf6 {[%clk 01:30:54]} {[%emt
00:00:07]} 2. c4 {[%clk 01:31:24]} {[%emt 00:00:03]} e6 {[%clk 01:31:18]}
{[%emt 00:00:06]} 3. Nc3 {[%clk 01:31:50]} {[%emt 00:00:04]} d5 {[%clk
01:31:40]} {[%emt 00:00:07]} 4. Bg5 {[%clk 01:32:16]} {[%emt 00:00:04]} Be7
{[%clk 01:31:50]} {[%emt 00:00:20]} 5. e3 {[%clk 01:32:41]} {[%emt 00:00:05]}
O-O {[%clk 01:31:55]} {[%emt 00:00:25]} 6. Nf3 {[%clk 01:32:19]} {[%emt
00:00:52]} Nbd7 {[%clk 01:32:02]} {[%emt 00:00:23]} 7. Bd3 {[%clk 01:32:39]}
{[%emt 00:00:11]} b6 {[%clk 01:27:05]} {[%emt 00:05:27]} 8. O-O {[%clk
01:32:20]} {[%emt 00:00:48]} dxc4 {[%clk 01:27:04]} {[%emt 00:00:32]} 9. Bxc4
{[%clk 01:32:42]} {[%emt 00:00:07]} Bb7 {[%clk 01:27:29]} {[%emt 00:00:05]} 10.
Qe2 {[%clk 01:32:24]} {[%emt 00:00:48]} c5 {[%clk 01:24:25]} {[%emt 00:03:35]}
11. dxc5 {[%clk 01:32:10]} {[%emt 00:00:44]} Nxc5 {[%clk 01:14:54]} {[%emt
00:10:00]} 12. Rfd1 {[%clk 01:30:41]} {[%emt 00:01:59]} Qc8 {[%clk 01:06:29]}
{[%emt 00:08:55]} 13. b4 {[%clk 01:17:38]} {[%emt 00:13:33]} Ncd7 {[%clk
00:53:19]} {[%emt 00:13:39]} 14. Nb5 {[%clk 01:04:20]} {[%emt 00:13:49]} Bxf3
{[%clk 00:44:54]} {[%emt 00:08:55]} 15. gxf3 {[%clk 01:03:32]} {[%emt
00:01:18]} Bxb4 {[%clk 00:39:23]} {[%emt 00:06:01]} 16. Rac1 {[%clk 01:02:33]}
{[%emt 00:01:29]} Bc5 {[%clk 00:36:28]} {[%emt 00:03:25]} 17. Rc2 {[%clk
00:53:08]} {[%emt 00:09:55]} Qc6 {[%clk 00:27:35]} {[%emt 00:09:22]} 18. Nd4
{[%clk 00:50:03]} {[%emt 00:03:34]} Bxd4 {[%clk 00:24:38]} {[%emt 00:03:29]}
19. Rxd4 {[%clk 00:50:21]} {[%emt 00:00:13]} Rac8 {[%clk 00:22:48]} {[%emt
00:02:20]} 20. Rdd2 {[%clk 00:50:01]} {[%emt 00:00:48]} Qc5 {[%clk 00:15:37]}
{[%emt 00:07:42]} 21. Bf4 {[%clk 00:45:18]} {[%emt 00:05:12]} Qh5 {[%emt
00:05:50]} 22. Ba6 {[%clk 00:44:02]} Rxc2 {[%clk 00:11:59]} {[%emt 00:00:35]}
23. Rxc2 {[%clk 00:43:46]} {[%emt 00:00:46]} Ne5 {[%clk 00:10:17]} {[%emt
00:02:12]} 24. Bxe5 {[%clk 00:41:35]} {[%emt 00:02:41]} Qxe5 {[%clk 00:10:35]}
{[%emt 00:00:11]} 25. f4 {[%clk 00:41:54]} {[%emt 00:00:11]} Qd6 {[%clk
00:06:24]} {[%emt 00:04:41]} 26. Bb7 {[%clk 00:41:06]} {[%emt 00:01:18]} Rd8
{[%clk 00:06:26]} {[%emt 00:00:28]} 27. Bf3 {[%clk 00:40:47]} {[%emt 00:00:48]}
g6 {[%clk 00:05:48]} {[%emt 00:01:09]} 28. Kg2 {[%clk 00:38:27]} {[%emt
00:02:49]} Kg7 {[%clk 00:05:43]} {[%emt 00:00:36]} 29. Qb5 {[%clk 00:32:39]}
{[%emt 00:06:18]} Qd3 {[%clk 00:03:48]} {[%emt 00:02:24]} 30. Qb2 {[%clk
00:32:00]} {[%emt 00:01:09]} Rd7 {[%clk 00:03:49]} {[%emt 00:00:30]} 31. Be2
{[%clk 00:31:06]} {[%emt 00:01:25]} Qd6 {[%clk 00:03:49]} {[%emt 00:00:29]} 32.
Bf3 {[%clk 00:31:18]} {[%emt 00:00:18]} h5 {[%clk 00:02:17]} {[%emt 00:02:02]}
33. Rc6 {[%clk 00:31:06]} {[%emt 00:00:42]} Qd2 {[%clk 00:02:17]} {[%emt
00:00:29]} 34. Rc2 {[%clk 00:31:30]} {[%emt 00:00:07]} Qd3 {[%clk 00:02:38]}
{[%emt 00:00:08]} 35. Be2 {[%clk 00:31:23]} {[%emt 00:00:38]} Qf5 {[%clk
00:02:59]} {[%emt 00:00:09]} 36. Bf3 {[%clk 00:30:41]} {[%emt 00:01:11]} g5
{[%clk 00:01:51]} {[%emt 00:01:38]} 37. fxg5 {[%clk 00:30:29]} {[%emt
00:00:42]} Qxg5+ {[%clk 00:02:13]} {[%emt 00:00:08]} 38. Kh1 {[%clk 00:30:46]}
{[%emt 00:00:13]} Qf5 {[%clk 00:02:30]} {[%emt 00:00:13]} 39. Kg2 {[%clk
00:30:01]} {[%emt 00:01:16]} Qg6+ {[%clk 00:01:36]} {[%emt 00:01:25]} 40. Kh1
{[%clk 00:29:05]} {[%emt 00:01:25]} Qf5 {[%clk 00:01:44]} {[%emt 00:00:22]} 41.
Kg2 {[%clk 00:29:13]} {[%emt 00:00:21]} Qg5+ {[%clk 00:00:50]} {[%emt
00:01:25]} 42. Kh1 {[%clk 00:29:15]} {[%emt 00:00:27]} Qf5 {[%clk 00:26:27]}
{[%emt 00:04:54]} 43. Kg2 {[%clk 00:58:41]} {[%emt 00:01:04]} e5 {[%clk
00:24:40]} {[%emt 00:09:29]} 44. Rc1 {[%clk 00:55:27]} {[%emt 00:04:27]} Kh7
{[%clk 00:18:42]} {[%emt 00:06:27]} 45. h3 {[%clk 00:50:43]} {[%emt 00:05:14]}
e4 {[%clk 00:11:25]} {[%emt 00:07:47]} 46. Be2 {[%clk 00:51:01]} {[%emt
00:00:12]} Rd8 {[%clk 00:10:46]} {[%emt 00:01:08]} 47. Rc7 {[%clk 00:43:38]}
{[%emt 00:07:54]} Nd5 {[%clk 00:07:19]} {[%emt 00:03:56]} 48. Rxa7 {[%clk
00:42:41]} {[%emt 00:01:28]} Nxe3+ {[%clk 00:01:12]} {[%emt 00:06:37]} 49. fxe3
{[%clk 00:42:42]} {[%emt 00:00:29]} Rg8+ {[%clk 00:01:31]} {[%emt 00:00:11]}
50. Bg4 {[%clk 00:42:35]} {[%emt 00:00:36]} hxg4 {[%clk 00:00:39]} {[%emt
00:01:23]} 51. h4 {[%clk 00:41:21]} {[%emt 00:01:45]} Qf3+ {[%clk 00:00:48]}
{[%emt 00:00:20]} 52. Kg1 {[%clk 00:41:33]} {[%emt 00:00:18]} Rd8 {[%clk
00:00:32]} {[%emt 00:00:47]} 53. Rxf7+ {[%clk 00:40:27]} {[%emt 00:01:36]} Qxf7
{[%clk 00:00:50]} {[%emt 00:00:13]} 54. Qc2 {[%clk 00:40:51]} {[%emt 00:00:05]}
Rd3 {[%clk 00:00:43]} {[%emt 00:00:38]} 55. Qc1 {[%clk 00:40:51]} {[%emt
00:00:30]} g3 {[%clk 00:00:53]} {[%emt 00:00:20]} 56. Kg2 {[%clk 00:40:18]}
{[%emt 00:01:03]} Qf3+ {[%clk 00:00:44]} {[%emt 00:00:39]} 57. Kh3 {[%clk
00:40:32]} {[%emt 00:00:17]} Rd7 {[%clk 00:00:54]} {[%emt 00:00:19]} 58. Qc6
{[%clk 00:40:33]} {[%emt 00:00:29]} g2+ {[%clk 00:01:15]} {[%emt 00:00:10]} 59.
Kh2 {[%clk 00:40:50]} {[%emt 00:00:13]} g1=Q+ {[%clk 00:01:42]} {[%emt
00:00:03]} 60. Kxg1 {[%clk 00:41:11]} {[%emt 00:00:09]} Rg7+ {[%clk 00:01:34]}
{[%emt 00:00:08]} 0-1

[Event "DVM U12 2024"]
[Site "Heidelberg GER"]
[Date "2024.12.27"]
[Round "1"]
[White "Botvinnik, Julius"]
[Black "Hübler, Lennis"]
[Result "1-0"]
[Termination "normal"]
[Board "9.2"]
[WhiteElo "1700"]
[BlackElo "1261"]
[WhiteClock "01:23:00"]
[BlackClock "00:54:33"]
[WhiteTeam "Düsseldorfer SK 14/25"]
[BlackTeam "SC Leipzig-Lindenau"]
[PlyCount "83"]
[WhiteFideId "34612149"]
[BlackFideId "34693432"]
[EventCountry "GER"]
[EventRounds "7"]
[EventType "team-swiss"]
[EventDate "2024.12.26"]

1. d4 {[%clk 01:30:53]} {[%emt 00:00:07]} d5 {[%clk 01:30:52]} {[%emt
00:00:08]} 2. c4 {[%clk 01:30:58]} {[%emt 00:00:25]} e6 {[%clk 01:31:06]}
{[%emt 00:00:16]} 3. Nc3 {[%clk 01:31:14]} {[%emt 00:00:14]} Nf6 {[%clk
01:31:16]} {[%emt 00:00:19]} 4. Bg5 {[%clk 01:31:27]} {[%emt 00:00:17]} Be7
{[%clk 01:31:26]} {[%emt 00:00:19]} 5. e3 {[%clk 01:31:20]} {[%emt 00:00:37]}
h6 {[%clk 01:31:38]} {[%emt 00:00:19]} 6. Bh4 {[%clk 01:31:42]} {[%emt
00:00:07]} O-O {[%clk 01:31:54]} {[%emt 00:00:13]} 7. Bd3 {[%clk 01:32:03]}
{[%emt 00:00:10]} b6 {[%clk 01:31:45]} {[%emt 00:00:39]} 8. cxd5 {[%clk
01:32:07]} {[%emt 00:00:26]} Nxd5 {[%clk 01:30:06]} {[%emt 00:02:08]} 9. Bxe7
{[%clk 01:31:57]} {[%emt 00:00:40]} Nxe7 {[%clk 01:29:16]} {[%emt 00:01:21]}
10. Nf3 {[%clk 01:30:50]} {[%emt 00:01:37]} Bb7 {[%clk 01:28:51]} {[%emt
00:00:55]} 11. O-O {[%clk 01:30:18]} {[%emt 00:01:02]} Nd7 {[%clk 01:28:00]}
{[%emt 00:01:21]} 12. Be4 {[%clk 01:29:38]} {[%emt 00:01:10]} Nd5 {[%clk
01:25:08]} {[%emt 00:03:22]} 13. Nxd5 {[%clk 01:28:38]} {[%emt 00:01:30]} Bxd5
{[%clk 01:25:01]} {[%emt 00:00:36]} 14. Bxd5 {[%clk 01:28:43]} {[%emt
00:00:26]} exd5 {[%clk 01:25:10]} {[%emt 00:00:21]} 15. Rc1 {[%clk 01:28:32]}
{[%emt 00:00:41]} Nf6 {[%clk 01:24:25]} {[%emt 00:01:14]} 16. Rc6 {[%clk
01:27:27]} {[%emt 00:01:35]} Rc8 {[%clk 01:23:46]} {[%emt 00:01:09]} 17. Qc2
{[%clk 01:26:15]} {[%emt 00:01:42]} Re8 {[%clk 01:22:51]} {[%emt 00:01:25]} 18.
Rc1 {[%clk 01:25:54]} {[%emt 00:00:52]} Re7 {[%clk 01:22:52]} {[%emt 00:00:29]}
19. Qa4 {[%clk 01:26:05]} {[%emt 00:00:19]} a5 {[%clk 01:22:20]} {[%emt
00:01:02]} 20. Qc2 {[%clk 01:26:15]} {[%emt 00:00:21]} Ne8 {[%clk 01:17:15]}
{[%emt 00:05:33]} 21. Rxb6 {[%clk 01:25:54]} {[%emt 00:00:52]} Re6 {[%clk
01:10:54]} {[%emt 00:06:51]} 22. Rxe6 {[%clk 01:26:01]} {[%emt 00:00:23]} fxe6
{[%clk 01:11:03]} {[%emt 00:00:21]} 23. Ne5 {[%clk 01:24:44]} {[%emt 00:01:48]}
Nd6 {[%clk 01:10:03]} {[%emt 00:01:30]} 24. Nc6 {[%clk 01:23:37]} {[%emt
00:01:38]} Qd7 {[%clk 01:07:10]} {[%emt 00:03:22]} 25. Nxa5 {[%clk 01:23:22]}
{[%emt 00:00:45]} Qb5 {[%clk 01:06:32]} {[%emt 00:01:08]} 26. Nc6 {[%clk
01:23:03]} {[%emt 00:00:50]} Kf7 {[%clk 01:05:40]} {[%emt 00:01:21]} 27. a4
{[%clk 01:22:17]} {[%emt 00:01:17]} Qa6 {[%clk 01:04:17]} {[%emt 00:01:50]} 28.
Qh7 {[%clk 01:21:27]} {[%emt 00:01:22]} Qxa4 {[%clk 01:02:47]} {[%emt
00:02:00]} 29. Ne5+ {[%clk 01:21:45]} {[%emt 00:00:11]} Kf8 {[%clk 01:01:33]}
{[%emt 00:01:42]} 30. Qh8+ {[%clk 01:22:02]} {[%emt 00:00:15]} Ke7 {[%clk
01:01:23]} {[%emt 00:00:40]} 31. Qxg7+ {[%clk 01:22:14]} {[%emt 00:00:18]} Kd8
{[%clk 01:00:14]} {[%emt 00:01:40]} 32. Nc6+ {[%clk 01:22:22]} {[%emt
00:00:23]} Qxc6 {[%clk 00:59:36]} {[%emt 00:01:07]} 33. Rxc6 {[%clk 01:22:45]}
Ne8 {[%clk 00:58:56]} {[%emt 00:01:17]} 34. Qxh6 {[%clk 01:22:31]} {[%emt
00:00:44]} Ra8 {[%clk 00:58:44]} {[%emt 00:00:42]} 35. g3 {[%clk 01:22:19]}
{[%emt 00:00:42]} Kd7 {[%clk 00:57:52]} {[%emt 00:01:22]} 36. Rc3 {[%clk
01:22:23]} {[%emt 00:00:24]} Rb8 {[%clk 00:57:02]} {[%emt 00:01:22]} 37. Qh7+
{[%clk 01:22:41]} {[%emt 00:00:12]} Kd6 {[%clk 00:56:40]} {[%emt 00:00:53]} 38.
Qg8 {[%clk 01:22:58]} {[%emt 00:00:10]} Rc8 {[%clk 00:55:50]} {[%emt 00:01:22]}
39. b4 {[%clk 01:23:05]} {[%emt 00:00:24]} Kd7 {[%clk 00:54:53]} {[%emt
00:01:26]} 40. Qf7+ {[%clk 01:23:21]} {[%emt 00:00:13]} Kd6 {[%clk 00:54:27]}
{[%emt 00:00:56]} 41. b5 {[%clk 01:23:34]} {[%emt 00:00:17]} Rb8 {[%clk
00:54:33]} {[%emt 00:00:23]} 42. Rc6# {[%clk 01:23:00]} {[%emt 00:00:22]} 1-0